[Event "HUN-chT2 Asztalos 1516"]
[Site "Hungary"]
[Date "2016.04.03"]
[Round "10.8"]
[White "Illes, Attila"]
[Black "Szalai, Laszlo"]
[Result "1-0"]
[WhiteElo "1976"]
[BlackElo "1561"]
[PlyCount "97"]
[EventDate "2015.09.13"]
[EventType "team-tourn"]
[EventRounds "11"]
[EventCountry "HUN"]
[SourceTitle "EXT 2017"]
[Source "ChessBase"]
[SourceDate "2016.10.25"]
[SourceVersion "1"]
[SourceVersionDate "2016.10.25"]
[SourceQuality "1"]
[WhiteTeam "Kaposvar Bastya"]
[BlackTeam "Sarosd"]
[WhiteTeamCountry "HUN"]
[BlackTeamCountry "HUN"]

1. Nf3 Nf6 2. g3 d5 3. d4 e6 4. Bg2 Be7 5. 0-0 c6 6. c4 Nbd7 7. b3 0-0 8. Bb2 Re8 9. Nbd2 h6 10. Qc2 Nh7 11. e4 dxe4 12. Nxe4 Nhf6 13. Nxf6+ Bxf6 14. Rad1 Qc7 15. Rfe1 Rd8 16. Bc3 b6 17. Bd2 Bb7 18. Bf4 Qc8 19. c5 Re8 20. Bd6 Be7 21. Bxe7 Rxe7 22. Rc1 Qe8 23. Nd2 Nf6 24. Nc4 Qd8 25. Nd6 Ne8 26. Nxe8 Qxe8 27. cxb6 axb6 28. Bxc6 Bxc6 29. Qxc6 Qxc6 30. Rxc6 Rxa2 31. d5 e5 32. d6 Rd7 33. Rxe5 Rd2 34. Rxb6 R7xd6 35. Rxd6 Rxd6 36. Re8+ Kh7 37. Rb8 Kg6 38. b4 Rd1+ 39. Kg2 Rb1 40. b5 Kf6 41. h4 h5 42. b6 g6 43. b7 Rb3 44. Kf1 Rb2 45. Ke1 Kf5 46. f3 Kf6 47. g4 Ke7 48. g5 Kd7 49. Rf8 1-0

[Event "HUN-chT2 Asztalos 1415"]
[Site "Hungary"]
[Date "2015.01.25"]
[Round "5"]
[White "Degi, Janos"]
[Black "Illes, Attila"]
[Result "0-1"]
[WhiteElo "1903"]
[BlackElo "1988"]
[PlyCount "44"]
[EventDate "2014.10.12"]
[EventType "team-tourn"]
[EventRounds "9"]
[EventCountry "HUN"]
[SourceTitle "EXT 2016"]
[Source "ChessBase"]
[SourceDate "2015.10.08"]
[SourceVersion "1"]
[SourceVersionDate "2015.10.08"]
[SourceQuality "1"]
[WhiteTeam "Marcali"]
[BlackTeam "Kaposvar Bastya"]
[WhiteTeamCountry "HUN"]
[BlackTeamCountry "HUN"]

1. d4 d5 2. Bg5 Nf6 3. f3 c5 4. dxc5 Qa5+ 5. Nc3 e6 6. Bxf6 gxf6 7. Qd4 Nc6 8. Qa4 Qxc5 9. Nb5 Qb6 10. 0-0-0 Bh6+ 11. Kb1 Be3 12. Nd6+ Ke7 13. Nb5 a6 14. Nc3 Bxg1 15. Rxd5 Bd4 16. Qa3+ Ke8 17. Rb5 axb5 18. Qxa8 Ke7 19. Ne4 f5 20. Nd2 Rd8 21. Nb3 Be3 22. a4 Nb4 0-1

[Event "HUN-chT2 Asztalos 1213"]
[Site "Hungary"]
[Date "2012.09.16"]
[Round "1.2"]
[White "Szabo, Richard"]
[Black "Illes, Attila"]
[Result "1-0"]
[WhiteElo "2192"]
[BlackElo "2020"]
[PlyCount "55"]
[EventDate "2012.09.16"]
[EventType "team-tourn"]
[EventRounds "9"]
[EventCountry "HUN"]
[SourceTitle "EXT 2014"]
[Source "ChessBase"]
[SourceDate "2013.11.20"]
[SourceVersion "1"]
[SourceVersionDate "2013.11.20"]
[SourceQuality "1"]
[WhiteTeam "Decs II"]
[BlackTeam "Kaposvar Bastya"]
[WhiteTeamCountry "HUN"]
[BlackTeamCountry "HUN"]

1. c4 c6 2. g3 e6 3. Bg2 d5 4. Nf3 Nf6 5. b3 Be7 6. 0-0 0-0 7. Bb2 Nbd7 8. d3 Ng4 9. Nbd2 Bf6 10. d4 Be7 11. e4 dxe4 12. Nxe4 Qc7 13. Qe2 Ngf6 14. Nxf6+ Bxf6 15. Ne5 Rb8 16. Rad1 Re8 17. f4 Nf8 18. Rd2 Ng6 19. h4 Ne7 20. Ng4 Nf5 21. Nxf6+ gxf6 22. Qf2 Nh6 23. Bf3 Kg7 24. d5 cxd5 25. cxd5 exd5 26. Rxd5 Be6 27. Rg5+ Kf8 28. Bxf6 1-0

[Event "HUN-chT2 Asztalos 1112"]
[Site "Hungary"]
[Date "2012.05.06"]
[Round "10.2"]
[White "Toth, David"]
[Black "Illes, Attila"]
[Result "1/2-1/2"]
[WhiteElo "1988"]
[BlackElo "2077"]
[PlyCount "27"]
[EventDate "2011.09.25"]
[EventType "team-tourn"]
[EventRounds "11"]
[EventCountry "HUN"]
[SourceTitle "EXT 2013"]
[Source "ChessBase"]
[SourceDate "2012.11.22"]
[SourceVersion "1"]
[SourceVersionDate "2012.11.22"]
[SourceQuality "1"]
[WhiteTeam "Pecs Karmin"]
[BlackTeam "Kaposvar Bastya"]
[WhiteTeamCountry "HUN"]
[BlackTeamCountry "HUN"]

1. d4 d5 2. c4 e6 3. Nc3 c6 4. Qc2 h6 5. cxd5 exd5 6. Nf3 Nf6 7. Bf4 Bd6 8. Bxd6 Qxd6 9. e3 Bg4 10. Ne5 Be6 11. Bd3 Ng4 12. Nxg4 Bxg4 13. 0-0 0-0 14. h3 1/2-1/2

[Event "HUN-chT2 Asztalos 1112"]
[Site "Hungary"]
[Date "2012.02.19"]
[Round "6.3"]
[White "Illes, Attila"]
[Black "Halasz, Attila"]
[Result "1/2-1/2"]
[WhiteElo "2077"]
[BlackElo "2161"]
[PlyCount "23"]
[EventDate "2011.09.25"]
[EventType "team-tourn"]
[EventRounds "11"]
[EventCountry "HUN"]
[SourceTitle "EXT 2013"]
[Source "ChessBase"]
[SourceDate "2012.11.22"]
[SourceVersion "1"]
[SourceVersionDate "2012.11.22"]
[SourceQuality "1"]
[WhiteTeam "Kaposvar Bastya"]
[BlackTeam "Szentlorinc"]
[WhiteTeamCountry "HUN"]
[BlackTeamCountry "HUN"]

1. d4 d5 2. Nf3 Nf6 3. Bf4 g6 4. e3 Bg7 5. Bd3 0-0 6. h3 c5 7. c3 Qb6 8. Qc1 Nbd7 9. Nbd2 a6 10. 0-0 Nh5 11. Bh2 f5 12. Ne5 1/2-1/2

[Event "HUN-chT2 Asztalos 0910"]
[Site "Hungary"]
[Date "2010.04.18"]
[Round "10"]
[White "Illes, Attila"]
[Black "Csernyiczky, Laszlo"]
[Result "1/2-1/2"]
[WhiteElo "2111"]
[BlackElo "2134"]
[PlyCount "46"]
[EventDate "2009.11.08"]
[EventType "team-tourn"]
[EventRounds "11"]
[EventCountry "HUN"]
[SourceTitle "EXT 2011"]
[Source "ChessBase"]
[SourceDate "2010.11.26"]
[SourceVersion "1"]
[SourceVersionDate "2010.11.26"]
[SourceQuality "1"]
[WhiteTeam "Szenna Pack"]
[BlackTeam "Dunaujvaros"]
[WhiteTeamCountry "HUN"]
[BlackTeamCountry "HUN"]

1. d4 e6 2. Nf3 Nf6 3. Bf4 c5 4. e3 Nc6 5. c3 d5 6. Nbd2 Bd6 7. Bd3 Bxf4 8. exf4 cxd4 9. Nxd4 0-0 10. Nxc6 bxc6 11. Qe2 Qd6 12. g3 Re8 13. Nf3 Nd7 14. Ne5 Nc5 15. Bxh7+ Kf8 16. Bc2 f6 17. Ng6+ Kg8 18. Qh5 Ba6 19. 0-0-0 e5 20. Qh8+ Kf7 21. Qh5 Kg8 22. Qh8+ Kf7 23. Qh5 Kg8 1/2-1/2

[Event "HUN-chT2 Asztalos 0910"]
[Site "Hungary"]
[Date "2009.12.20"]
[Round "4"]
[White "Gerecs, Istvan"]
[Black "Illes, Attila"]
[Result "1/2-1/2"]
[WhiteElo "1972"]
[BlackElo "2111"]
[PlyCount "43"]
[EventDate "2009.11.08"]
[EventType "team-tourn"]
[EventRounds "11"]
[EventCountry "HUN"]
[SourceTitle "EXT 2011"]
[Source "ChessBase"]
[SourceDate "2010.11.26"]
[SourceVersion "1"]
[SourceVersionDate "2010.11.26"]
[SourceQuality "1"]
[WhiteTeam "Pannonpower II"]
[BlackTeam "Szenna Pack"]
[WhiteTeamCountry "HUN"]
[BlackTeamCountry "HUN"]

1. d4 d5 2. Bf4 c6 3. c3 e6 4. Nf3 Bd6 5. Bxd6 Qxd6 6. e3 Nf6 7. Nbd2 Nbd7 8. Be2 0-0 9. 0-0 e5 10. dxe5 Nxe5 11. Nxe5 Qxe5 12. Nf3 Qc7 13. h3 h6 14. Nh2 Bf5 15. Bd3 Bxd3 16. Qxd3 Qe5 17. Qd4 Rfe8 18. Nf3 Qe4 19. Nd2 Qe5 20. Nf3 Qe4 21. Nd2 Qe5 22. Nf3 1/2-1/2